000 00314nam a2200145Ia 4500
100 _aCmti
942 _cBK
654 _aMachine Tool
245 _aMachine Tool Census
260 _bCentral machine tool institute
_aBangalor
_c1986
082 _a621.9
_bCMTI
300 _a106
546 _aENGLISH
999 _c17855
_d17855